[Event "Hessenliga 1617"]
[Site "Hessen"]
[Date "2016.12.11"]
[Round "4.1"]
[White "Janoszka, Arnd"]
[Black "Dunsbach, Ralf"]
[Result "1/2-1/2"]
[WhiteElo "2353"]
[BlackElo "2180"]
[PlyCount "63"]
[EventDate "2016.09.18"]
[EventType "team-tourn"]
[EventRounds "9"]
[EventCountry "GER"]
[SourceTitle "EXT 2018"]
[Source "ChessBase"]
[SourceDate "2017.10.13"]
[SourceVersion "1"]
[SourceVersionDate "2017.10.13"]
[SourceQuality "1"]
[WhiteTeam "Niederbrechen"]
[BlackTeam "Bad Homburg"]
[WhiteTeamCountry "GER"]
[BlackTeamCountry "GER"]

1. c4 Nf6 2. g3 e6 3. Bg2 d5 4. Nf3 dxc4 5. 0-0 a6 6. a4 Nc6 7. b3 cxb3 8. Qxb3 Be7 9. Bb2 0-0 10. Na3 Na5 11. Qc2 c5 12. Rfb1 Rb8 13. d4 cxd4 14. Bxd4 Nc6 15. Bb6 Qe8 16. e4 Bd7 17. Nc4 Rc8 18. Qe2 Nb8 19. Nb2 Bc6 20. Ne5 Nbd7 21. Nxc6 Nxb6 22. Nxe7+ Qxe7 23. a5 Nbd7 24. Nc4 Rc7 25. Ne3 Rfc8 26. h3 h6 27. Kh2 g6 28. Rb2 Kg7 29. Rab1 Qa3 30. Rxb7 Qxa5 31. R7b2 Rc1 32. Ra2 1/2-1/2

[Event "Oberliga Ost-B 1112"]
[Site "Germany"]
[Date "2011.12.11"]
[Round "5.3"]
[White "Janoszka, Arnd"]
[Black "Karabalis, Harilos"]
[Result "0-1"]
[WhiteElo "2338"]
[BlackElo "2264"]
[PlyCount "78"]
[EventDate "2011.10.02"]
[EventType "team-tourn"]
[EventRounds "11"]
[EventCountry "GER"]
[SourceTitle "EXT 2013"]
[Source "ChessBase"]
[SourceDate "2012.11.22"]
[SourceVersion "1"]
[SourceVersionDate "2012.11.22"]
[SourceQuality "1"]
[WhiteTeam "Steinbach"]
[BlackTeam "Frankfurt BvK"]
[WhiteTeamCountry "GER"]
[BlackTeamCountry "GER"]

1. c4 g6 2. g3 Bg7 3. Bg2 Nf6 4. Nc3 0-0 5. d3 c6 6. e4 d6 7. Nge2 a5 8. 0-0 Na6 9. h3 Rb8 10. Be3 b5 11. Qd2 bxc4 12. dxc4 Nd7 13. Nd4 Ne5 14. Qe2 Qc7 15. Rab1 Nc5 16. b3 Ned7 17. Qc2 e5 18. Nde2 Ne6 19. Qd2 Re8 20. Rfd1 Bf8 21. f4 exf4 22. gxf4 Nec5 23. Bf2 Nf6 24. Ng3 Ne6 25. f5 Nc5 26. Qf4 Nfd7 27. Nh1 Ne5 28. Bg3 a4 29. Nxa4 Nxa4 30. bxa4 Rxb1 31. Rxb1 Nxc4 32. Nf2 Ne5 33. Qd2 Qa7 34. a5 Nc4 35. Qb4 d5 36. Qa4 Ba6 37. Qxc6 Rc8 38. Qxd5 Ne3 39. Rb6 Nxd5 0-1

[Event "Oberliga Ost-B 1112"]
[Site "Germany"]
[Date "2011.10.22"]
[Round "2.2"]
[White "Janoszka, Arnd"]
[Black "Hausknecht, Mathias"]
[Result "1-0"]
[WhiteElo "2338"]
[BlackElo "2300"]
[PlyCount "64"]
[EventDate "2011.10.02"]
[EventType "team-tourn"]
[EventRounds "11"]
[EventCountry "GER"]
[SourceTitle "EXT 2013"]
[Source "ChessBase"]
[SourceDate "2012.11.22"]
[SourceVersion "1"]
[SourceVersionDate "2012.11.22"]
[SourceQuality "1"]
[WhiteTeam "Steinbach"]
[BlackTeam "Erfurt Medizin"]
[WhiteTeamCountry "GER"]
[BlackTeamCountry "GER"]

1. c4 Nf6 2. g3 e5 3. Bg2 Nc6 4. a3 a5 5. Nc3 d6 6. d3 g6 7. Rb1 Bg7 8. b4 axb4 9. axb4 0-0 10. e3 Ne7 11. Nge2 h5 12. e4 Be6 13. h3 Qd7 14. Be3 Nh7 15. Nd5 Nc8 16. Qc2 c6 17. Ndc3 Kh8 18. f4 f5 19. exf5 Bxf5 20. Ne4 Ne7 21. fxe5 Bxe5 22. Nf2 d5 23. Bf4 Bg7 24. c5 d4 25. 0-0 Nd5 26. Kh2 Ne3 27. Bxe3 dxe3 28. Ne4 Rad8 29. Nd6 Be5 30. Nxf5 Rxf5 31. d4 Bg7 32. Rxf5 gxf5 1-0

[Event "Oberliga Ost-B 1011"]
[Site "Germany"]
[Date "2011.02.06"]
[Round "7.2"]
[White "Chandler, Patrick"]
[Black "Janoszka, Arnd"]
[Result "1-0"]
[WhiteElo "2233"]
[BlackElo "2323"]
[PlyCount "121"]
[EventDate "2010.10.24"]
[EventType "team-tourn"]
[EventRounds "11"]
[EventCountry "GER"]
[SourceTitle "EXT 2012"]
[Source "ChessBase"]
[SourceDate "2011.11.24"]
[SourceVersion "1"]
[SourceVersionDate "2011.11.24"]
[SourceQuality "1"]
[WhiteTeam "Neuberg"]
[BlackTeam "Steinbach"]
[WhiteTeamCountry "GER"]
[BlackTeamCountry "GER"]

1. e4 d5 2. Nc3 dxe4 3. Nxe4 Bf5 4. Ng3 Bg6 5. Nf3 e6 6. d4 Nf6 7. c3 c6 8. Bd3 Bxd3 9. Qxd3 Nbd7 10. Be3 Qc7 11. 0-0-0 b5 12. Kb1 a6 13. Ne4 Nxe4 14. Qxe4 Nf6 15. Qh4 Bd6 16. g4 Nd5 17. g5 Ne7 18. Qg4 c5 19. Qe4 0-0 20. h4 c4 21. h5 Nd5 22. g6 h6 23. Rdg1 Nxe3 24. fxe3 Rae8 25. gxf7+ Qxf7 26. Nh4 Be7 27. Ng6 Qf5 28. Qxf5 Rxf5 29. e4 Rf2 30. Rf1 Rxf1+ 31. Rxf1 Bf6 32. e5 Bd8 33. Kc2 Bb6 34. Kd2 Bd8 35. Ke3 Bg5+ 36. Ke4 Rd8 37. b3 Bd2 38. bxc4 bxc4 39. Rf3 Bc1 40. Rf2 Ba3 41. Nf4 Rf8 42. Rg2 Kf7 43. Rg6 Re8 44. d5 exd5+ 45. Kxd5 Rd8+ 46. Kxc4 Rc8+ 47. Kb3 Bc1 48. Ne2 Be3 49. Rg3 Bg5 50. Nd4 Rc5 51. Rf3+ Ke8 52. Rf5 Bd2 53. c4 Ke7 54. Rf2 Bg5 55. Kb4 Rc8 56. Re2 Ke8 57. Nf5 Rc7 58. Kc3 Kf8 59. Kd4 Rf7 60. Ke4 Rc7 61. Kd5 1-0

[Event "Oberliga Ost-B 1011"]
[Site "Germany"]
[Date "2011.02.05"]
[Round "6.2"]
[White "Janoszka, Arnd"]
[Black "Euler, Gerd"]
[Result "1-0"]
[WhiteElo "2323"]
[BlackElo "2331"]
[PlyCount "89"]
[EventDate "2010.10.24"]
[EventType "team-tourn"]
[EventRounds "11"]
[EventCountry "GER"]
[SourceTitle "EXT 2012"]
[Source "ChessBase"]
[SourceDate "2011.11.24"]
[SourceVersion "1"]
[SourceVersionDate "2011.11.24"]
[SourceQuality "1"]
[WhiteTeam "Steinbach"]
[BlackTeam "Hungen Lich"]
[WhiteTeamCountry "GER"]
[BlackTeamCountry "GER"]

1. c4 e5 2. g3 f5 3. Bg2 Nf6 4. Nc3 Bb4 5. Qc2 0-0 6. a3 Bxc3 7. Qxc3 Nc6 8. b4 d5 9. cxd5 Nxd5 10. Qc5 Be6 11. Bb2 f4 12. Nf3 Rf5 13. g4 Rf7 14. b5 Na5 15. Nxe5 Nb3 16. Nxf7 Bxf7 17. Qc2 Qh4 18. Qf5 Rd8 19. Rd1 Ne7 20. Qe5 Qf6 21. Qxf6 gxf6 22. Bxf6 Re8 23. Bf3 Nd5 24. Bb2 c5 25. bxc6 bxc6 26. 0-0 c5 27. d3 Nd4 28. Bxd4 cxd4 29. Bxd5 Bxd5 30. Rfe1 h5 31. h3 Kg7 32. f3 Kg6 33. Rc1 hxg4 34. hxg4 Rh8 35. Rc5 Ba8 36. Rb1 Re8 37. Kf2 Rh8 38. Rh5 Rd8 39. Rb4 Rd6 40. Rbb5 Bc6 41. Ra5 Rd7 42. Ra6 Rd6 43. Rc5 Kf6 44. Rcxc6 Ke5 45. Ra5+ 1-0

[Event "Oberliga Ost-B 1011"]
[Site "Germany"]
[Date "2011.01.16"]
[Round "5.2"]
[White "Wege, Jochen"]
[Black "Janoszka, Arnd"]
[Result "1/2-1/2"]
[WhiteElo "2258"]
[BlackElo "2323"]
[PlyCount "57"]
[EventDate "2010.10.24"]
[EventType "team-tourn"]
[EventRounds "11"]
[EventCountry "GER"]
[SourceTitle "EXT 2012"]
[Source "ChessBase"]
[SourceDate "2011.11.24"]
[SourceVersion "1"]
[SourceVersionDate "2011.11.24"]
[SourceQuality "1"]
[WhiteTeam "Frankfurt BvK"]
[BlackTeam "Steinbach"]
[WhiteTeamCountry "GER"]
[BlackTeamCountry "GER"]

1. e4 d5 2. exd5 Qxd5 3. Nc3 Qd6 4. d4 Nf6 5. Bd3 c6 6. Nge2 Bg4 7. 0-0 e6 8. f3 Bh5 9. Bf4 Qd8 10. Qd2 Bb4 11. Bg5 Nbd7 12. a3 Be7 13. Bf4 0-0 14. Ng3 Bg6 15. Bxg6 hxg6 16. Nce4 Qb6 17. Kh1 Rad8 18. Be3 Qa6 19. Qf2 Nd5 20. Bg5 N7f6 21. Nxf6+ Nxf6 22. Rad1 Rd5 23. Be3 Rfd8 24. Ne4 R5d7 25. Rfe1 Qb5 26. c3 Bf8 27. Ng5 Nh7 28. Ne4 Be7 29. Bc1 1/2-1/2

[Event "Oberliga Ost-B 0910"]
[Site "Germany"]
[Date "2010.01.23"]
[Round "6.2"]
[White "Donchenko, Anatoly G"]
[Black "Janoszka, Arnd"]
[Result "1/2-1/2"]
[WhiteElo "2381"]
[BlackElo "2297"]
[PlyCount "40"]
[EventDate "2009.10.18"]
[EventType "team-tourn"]
[EventRounds "11"]
[EventCountry "GER"]
[SourceTitle "EXT 2011"]
[Source "ChessBase"]
[SourceDate "2010.11.26"]
[SourceVersion "1"]
[SourceVersionDate "2010.11.26"]
[SourceQuality "1"]
[WhiteTeam "Giessen"]
[BlackTeam "Steinbach"]
[WhiteTeamCountry "GER"]
[BlackTeamCountry "GER"]

1. d4 Nf6 2. Nf3 d6 3. c4 Nbd7 4. Nc3 e5 5. e4 Be7 6. Be2 c6 7. 0-0 a6 8. h3 b5 9. a3 0-0 10. Re1 Qc7 11. Qc2 Rb8 12. b4 g6 13. Bh6 Re8 14. Rac1 Bb7 15. cxb5 cxb5 16. Qa2 exd4 17. Nxb5 Qb6 18. Nbxd4 Bxe4 19. Ng5 Bd5 20. Qd2 Ne5 1/2-1/2

[Event "Oberliga Ost-B 0910"]
[Site "Germany"]
[Date "2009.10.18"]
[Round "1.2"]
[White "Wege, Jochen"]
[Black "Janoszka, Arnd"]
[Result "0-1"]
[WhiteElo "2263"]
[BlackElo "2297"]
[PlyCount "136"]
[EventDate "2009.10.18"]
[EventType "team-tourn"]
[EventRounds "11"]
[EventCountry "GER"]
[SourceTitle "EXT 2011"]
[Source "ChessBase"]
[SourceDate "2010.11.26"]
[SourceVersion "1"]
[SourceVersionDate "2010.11.26"]
[SourceQuality "1"]
[WhiteTeam "Frankfurt BvK"]
[BlackTeam "Steinbach"]
[WhiteTeamCountry "GER"]
[BlackTeamCountry "GER"]

1. d4 d5 2. c4 e6 3. Nc3 Nf6 4. Bf4 c6 5. cxd5 exd5 6. e3 Bf5 7. Bd3 Bxd3 8. Qxd3 Nbd7 9. Nf3 Be7 10. h3 0-0 11. 0-0 Re8 12. Rab1 a5 13. a3 Bf8 14. Ne5 g6 15. Bh2 Nxe5 16. Bxe5 Nd7 17. Bg3 a4 18. Qc2 b5 19. e4 Nb6 20. exd5 Nxd5 21. Ne4 Re6 22. Nc5 Bxc5 23. Qxc5 Qg5 24. Rbe1 Rae8 25. Re5 Qd8 26. Rfe1 Qd7 27. Kh2 f6 28. Rxe6 Rxe6 29. Rxe6 Qxe6 30. Qa7 Ne7 31. Qb8+ Qc8 32. Qd6 Kf7 33. Qc5 Qd7 34. Bf4 Nf5 35. g3 Nxd4 36. Be3 Nf3+ 37. Kg2 Ne5 38. Kh2 Nd3 39. Qc3 Qd5 40. Qa5 Ne5 41. Qc7+ Qd7 42. Qb8 Qe8 43. Qc7+ Qe7 44. Qc8 Kg7 45. Qa8 g5 46. Kg1 h5 47. Kf1 Qd7 48. Qa7 Qxa7 49. Bxa7 Kf7 50. Ke2 Ke6 51. f4 gxf4 52. gxf4 Ng6 53. Ke3 f5 54. Bb8 Kd5 55. Kd3 c5 56. Kc3 Nf8 57. b3 axb3 58. Kxb3 Nd7 59. Bc7 Kc6 60. Bd8 Nb6 61. Bg5 Kd5 62. Bd8 Na4 63. Bg5 Ke4 64. h4 Kd3 65. Bf6 c4+ 66. Kb4 c3 67. Kxb5 c2 68. Kxa4 c1Q 0-1

[Event "Oberliga Ost-B 0809"]
[Site "Germany"]
[Date "2009.03.01"]
[Round "8.3"]
[White "Tischendorf, Michael"]
[Black "Janoszka, Arnd"]
[Result "1/2-1/2"]
[WhiteElo "2232"]
[BlackElo "2300"]
[PlyCount "134"]
[EventDate "2008.10.26"]
[EventType "team-tourn"]
[EventRounds "11"]
[EventCountry "GER"]
[SourceTitle "EXT 2010"]
[Source "ChessBase"]
[SourceDate "2010.11.25"]
[SourceVersion "1"]
[SourceVersionDate "2010.11.25"]
[SourceQuality "1"]
[WhiteTeam "Hofheim II"]
[BlackTeam "Steinbach"]
[WhiteTeamCountry "GER"]
[BlackTeamCountry "GER"]

1. e4 d6 2. Nc3 Nf6 3. f4 c5 4. Nf3 e6 5. Bb5+ Nfd7 6. a4 Be7 7. 0-0 0-0 8. d4 cxd4 9. Nxd4 Qc7 10. Be3 a6 11. Be2 Nc6 12. Qd2 b6 13. Rf3 Bb7 14. Rg3 Rfe8 15. Rf1 Bh4 16. Rh3 Bf6 17. Nf3 Na5 18. Bd4 Bxd4+ 19. Qxd4 e5 20. fxe5 Nxe5 21. Nxe5 dxe5 22. Qf2 Qc5 23. b4 Qxf2+ 24. Rxf2 Nc6 25. Bc4 Nd8 26. Nd5 Bxd5 27. Bxd5 Rc8 28. c4 Ne6 29. Bxe6 Rxe6 30. Rc2 a5 31. bxa5 bxa5 32. Rb3 f6 33. Rb5 Ra6 34. c5 Rc7 35. Kf2 Kf7 36. Ke3 Ke7 37. Rd2 Ke6 38. Rd5 g6 39. g4 h6 40. Kd3 f5 41. gxf5+ gxf5 42. Rb6+ Rxb6 43. cxb6 fxe4+ 44. Kd2 Rd7 45. Rxd7 Kxd7 46. Ke3 Kc6 47. Kxe4 Kxb6 48. Kxe5 Kc5 49. h4 Kb4 50. Kd4 Kxa4 51. Kc4 h5 52. Kc3 Kb5 53. Kb3 Kc5 54. Ka4 Kb6 55. Ka3 Kb5 56. Kb3 Kc5 57. Ka4 Kd4 58. Kxa5 Ke4 59. Kb4 Kf4 60. Kc3 Kg3 61. Kd2 Kxh4 62. Ke1 Kg3 63. Kf1 Kh2 64. Kf2 h4 65. Kf1 Kg3 66. Kg1 h3 67. Kh1 h2 1/2-1/2

[Event "Oberliga Ost-B 0809"]
[Site "Germany"]
[Date "2009.01.31"]
[Round "6.2"]
[White "Janoszka, Arnd"]
[Black "Euler, Gerd"]
[Result "0-1"]
[WhiteElo "2300"]
[BlackElo "2351"]
[PlyCount "126"]
[EventDate "2008.10.26"]
[EventType "team-tourn"]
[EventRounds "11"]
[EventCountry "GER"]
[SourceTitle "EXT 2010"]
[Source "ChessBase"]
[SourceDate "2010.11.25"]
[SourceVersion "1"]
[SourceVersionDate "2010.11.25"]
[SourceQuality "1"]
[WhiteTeam "Steinbach"]
[BlackTeam "Hungen Lich"]
[WhiteTeamCountry "GER"]
[BlackTeamCountry "GER"]

1. c4 Nf6 2. g3 Rg8 3. Nc3 g5 4. Bg2 Nc6 5. d4 d6 6. e3 h5 7. Nd5 e6 8. Nxf6+ Qxf6 9. Qxh5 g4 10. Qb5 Bd7 11. Qb3 Rg5 12. f4 gxf3 13. Nxf3 Rf5 14. e4 Rxf3 15. Qxf3 Qxd4 16. Qc3 Qxc3+ 17. bxc3 Bg7 18. Bd2 Ne5 19. Rb1 Bc6 20. Rg1 Nxc4 21. e5 d5 22. Bf4 Nxe5 23. Bxe5 Bxe5 24. c4 Ke7 25. Bf3 Rd8 26. Rg2 Bc3+ 27. Kf1 a6 28. h4 b5 29. cxd5 exd5 30. Rc2 b4 31. Rxb4 Bxb4 32. Rxc6 Bd6 33. Bxd5 Bxg3 34. Bb3 Rh8 35. Kg2 Rg8 36. h5 Rg5 37. Bd1 Bd6+ 38. Kf1 a5 39. Rc4 f5 40. Bf3 Kf6 41. Rd4 Rg3 42. Ke2 Rh3 43. a4 Ke5 44. Rc4 Rh2+ 45. Kf1 Kf6 46. Rd4 Ra2 47. Bc6 Rc2 48. Bd7 Be5 49. Rd5 c5 50. h6 c4 51. Rxa5 c3 52. Ra6+ Kg5 53. Ra5 Kf4 54. h7 Rh2 55. Rc5 c2 56. Bxf5 Rh1+ 57. Kf2 c1Q 58. Rxc1 Rxc1 59. Bd3 Ra1 60. Bb5 Ke4 61. Bc6+ Kf5 62. Bb5 Kg6 63. Bd3+ Kh6 0-1

[Event "Oberliga Ost-B 0809"]
[Site "Germany"]
[Date "2009.01.18"]
[Round "5.3"]
[White "Janoszka, Arnd"]
[Black "Wege, Jochen"]
[Result "1-0"]
[WhiteElo "2300"]
[BlackElo "2280"]
[PlyCount "95"]
[EventDate "2008.10.26"]
[EventType "team-tourn"]
[EventRounds "11"]
[EventCountry "GER"]
[SourceTitle "EXT 2010"]
[Source "ChessBase"]
[SourceDate "2010.11.25"]
[SourceVersion "1"]
[SourceVersionDate "2010.11.25"]
[SourceQuality "1"]
[WhiteTeam "Steinbach"]
[BlackTeam "Frankfurt BvK"]
[WhiteTeamCountry "GER"]
[BlackTeamCountry "GER"]

1. e4 c5 2. c4 Nc6 3. Nc3 g6 4. g3 Bg7 5. Bg2 e6 6. Nge2 Nge7 7. 0-0 0-0 8. Rb1 a6 9. a3 b5 10. d3 Rb8 11. Bf4 d6 12. cxb5 axb5 13. b4 cxb4 14. axb4 Ne5 15. h3 Bb7 16. Be3 d5 17. Bc5 dxe4 18. dxe4 Re8 19. Nxb5 Qd7 20. Qxd7 Nxd7 21. Nc7 Nxc5 22. Nxe8 Bxe4 23. Bxe4 Nxe4 24. Nxg7 Nd2 25. Nxe6 fxe6 26. Rb2 Nxf1 27. Kxf1 Nd5 28. b5 e5 29. Ke1 Kf7 30. Kd2 Ke6 31. Nc3 Nb6 32. Ra2 h5 33. Kc2 Kd6 34. Kb3 Rb7 35. Kb4 Kc7 36. Ra6 g5 37. Kc5 Nd7+ 38. Kd5 h4 39. gxh4 gxh4 40. Rh6 Rb6 41. Rc6+ Rxc6 42. bxc6 Nb6+ 43. Kc5 Nc8 44. Nd5+ Kd8 45. c7+ Kd7 46. Nb6+ Kxc7 47. Nxc8 Kxc8 48. Kd5 1-0

[Event "Oberliga Ost-B 0809"]
[Site "Germany"]
[Date "2008.11.29"]
[Round "2.3"]
[White "Donchenko, Anatoly G"]
[Black "Janoszka, Arnd"]
[Result "1-0"]
[WhiteElo "2373"]
[BlackElo "2300"]
[PlyCount "71"]
[EventDate "2008.10.26"]
[EventType "team-tourn"]
[EventRounds "11"]
[EventCountry "GER"]
[SourceTitle "EXT 2010"]
[Source "ChessBase"]
[SourceDate "2010.11.25"]
[SourceVersion "1"]
[SourceVersionDate "2010.11.25"]
[SourceQuality "1"]
[WhiteTeam "Giessen"]
[BlackTeam "Steinbach"]
[WhiteTeamCountry "GER"]
[BlackTeamCountry "GER"]

1. Nf3 Nf6 2. c4 e6 3. g3 d5 4. Bg2 c6 5. d4 Nbd7 6. Qc2 Bd6 7. 0-0 0-0 8. b3 Qe7 9. Nc3 Re8 10. Bb2 dxc4 11. bxc4 Ba3 12. e3 Bxb2 13. Qxb2 e5 14. a4 a5 15. Rfb1 Qd6 16. c5 Qc7 17. Nd2 exd4 18. exd4 Nf8 19. Nc4 Rd8 20. Nd6 Ne6 21. Rd1 Rb8 22. Rab1 b6 23. Nxc8 Qxc8 24. cxb6 Nxd4 25. Ne4 Nxe4 26. Rxd4 Nc5 27. Rxd8+ Qxd8 28. Bxc6 Qd6 29. Qb5 g6 30. b7 Ne6 31. Bg2 Qc7 32. Qb6 Qc2 33. Qb3 Qd2 34. Rd1 Qe2 35. Rc1 Nd4 36. Qd1 1-0

[Event "Rhein Main op 11th"]
[Site "Bad Homburg"]
[Date "2008.05.24"]
[Round "5"]
[White "Minz, Michail"]
[Black "Janoszka, Arnd"]
[Result "0-1"]
[WhiteElo "2147"]
[BlackElo "2304"]
[PlyCount "96"]
[EventDate "2008.05.21"]
[EventType "swiss"]
[EventRounds "7"]
[EventCountry "GER"]
[SourceTitle "CBM 124 Extra"]
[Source "ChessBase"]
[SourceDate "2008.07.03"]
[SourceVersion "1"]
[SourceVersionDate "2008.07.03"]
[SourceQuality "1"]

1. e4 d6 2. Nc3 Nf6 3. g3 e5 4. Bg2 c6 5. Nf3 b5 6. a3 Nbd7 7. 0-0 Bb7 8. d4 a6 9. dxe5 dxe5 10. Qe2 Qc7 11. h3 Be7 12. b3 0-0 13. Bb2 Rfe8 14. Nd1 Bf8 15. Nd2 Nc5 16. Ne3 Ne6 17. c3 Nc5 18. b4 Na4 19. Nb3 c5 20. f3 Rad8 21. Rad1 c4 22. Nc1 Qb6 23. Ba1 Bd6 24. Kh2 Bb8 25. Rxd8 Rxd8 26. Rd1 g6 27. Rxd8+ Qxd8 28. Nd1 Ba7 29. Qe1 Nh5 30. Nb2 Nb6 31. Ne2 f5 32. exf5 gxf5 33. Qd1 Nd5 34. Qd2 Be3 35. Qc2 Qg5 36. Nd1 Nxg3 37. Nxg3 Bf4 38. Qf2 h5 39. Kh1 Qxg3 40. Qxg3+ Bxg3 41. Kg1 Kf7 42. Bb2 Be1 43. Kf1 Bd2 44. Ke2 Bg5 45. Nf2 Nf4+ 46. Kf1 Kg6 47. Bc1 Nxg2 48. Bxg5 Kxg5 0-1

[Event "Rhein Main op 11th"]
[Site "Bad Homburg"]
[Date "2008.05.23"]
[Round "4"]
[White "Janoszka, Arnd"]
[Black "Sorm, Daniel"]
[Result "0-1"]
[WhiteElo "2304"]
[BlackElo "2371"]
[PlyCount "78"]
[EventDate "2008.05.21"]
[EventType "swiss"]
[EventRounds "7"]
[EventCountry "GER"]
[SourceTitle "CBM 124 Extra"]
[Source "ChessBase"]
[SourceDate "2008.07.03"]
[SourceVersion "1"]
[SourceVersionDate "2008.07.03"]
[SourceQuality "1"]

1. c4 c6 2. g3 d5 3. Bg2 e5 4. cxd5 cxd5 5. d4 e4 6. Nc3 Nc6 7. Nh3 Be7 8. a3 h6 9. Nf4 Nf6 10. b4 g5 11. Nh3 Bf5 12. e3 Bg4 13. Qb3 Qd7 14. Ng1 Qe6 15. h3 Bf5 16. Nge2 Kf8 17. Bd2 Kg7 18. Na4 b6 19. Nec3 Qd7 20. Bf1 Be6 21. Rc1 Qb7 22. Be2 Rhd8 23. Qb1 Ne8 24. f3 exf3 25. Bxf3 Qd7 26. g4 f5 27. Qb3 fxg4 28. hxg4 Nf6 29. Rg1 Bd6 30. Qd1 Ne7 31. Nb2 Ng6 32. Nd3 Rf8 33. Nf2 Nh4 34. Bh1 Bh2 35. Rf1 Nxg4 36. Nd3 Rxf1+ 37. Kxf1 Qf7+ 38. Ke2 Nxe3 39. Kxe3 Bg4 0-1

[Event "Oberliga Ost-B 0708"]
[Site "Germany"]
[Date "2008.04.19"]
[Round "10.4"]
[White "Janoszka, Arnd"]
[Black "Ruecker, Benjamin"]
[Result "1-0"]
[WhiteElo "2317"]
[BlackElo "2193"]
[PlyCount "111"]
[EventDate "2007.10.07"]
[EventType "team-tourn"]
[EventRounds "11"]
[EventCountry "GER"]
[SourceTitle "EXT 2009"]
[Source "ChessBase"]
[SourceDate "2008.11.26"]
[SourceVersion "1"]
[SourceVersionDate "2008.11.26"]
[SourceQuality "1"]
[WhiteTeam "Steinbach"]
[BlackTeam "Hungen Lich"]
[WhiteTeamCountry "GER"]
[BlackTeamCountry "GER"]

1. Nf3 d5 2. d4 Nf6 3. c4 e6 4. g3 Be7 5. Bg2 0-0 6. 0-0 c6 7. Nc3 Nbd7 8. Bf4 b6 9. cxd5 exd5 10. Qa4 Bb7 11. b4 b5 12. Qb3 a5 13. a3 Nb6 14. Ne5 axb4 15. axb4 Nc4 16. e4 Qb6 17. Be3 Ra6 18. Rxa6 Qxa6 19. Nd3 dxe4 20. Nxe4 Nxe4 21. Bxe4 Ra8 22. Ne5 Nxe5 23. dxe5 Qa4 24. Qd3 Rd8 25. Bxh7+ Kf8 26. Qf5 Rd1 27. e6 Rxf1+ 28. Kxf1 Qd1+ 29. Kg2 Qd5+ 30. f3 Qxe6 31. Qxe6 fxe6 32. Bc5 Kf7 33. Be4 e5 34. Bf5 Kf6 35. Be4 Ke6 36. h4 Bxc5 37. bxc5 b4 38. Kf2 b3 39. Ke3 b2 40. Kd2 b1Q 41. Bxb1 Kd5 42. Ke3 Bc8 43. g4 Kxc5 44. h5 Kd6 45. g5 Ke6 46. Ke4 Ba6 47. Ba2+ Ke7 48. Kxe5 Bd3 49. h6 gxh6 50. gxh6 c5 51. f4 Bh7 52. Be6 Ke8 53. Kf6 Kf8 54. f5 Bg8 55. Bxg8 Kxg8 56. Ke7 1-0

[Event "Oberliga Ost-B 0708"]
[Site "Germany"]
[Date "2007.10.07"]
[Round "1.4"]
[White "Janoszka, Arnd"]
[Black "Schaefer, Michael"]
[Result "0-1"]
[WhiteElo "2317"]
[BlackElo "2242"]
[PlyCount "76"]
[EventDate "2007.10.07"]
[EventType "team-tourn"]
[EventRounds "11"]
[EventCountry "GER"]
[SourceTitle "EXT 2009"]
[Source "ChessBase"]
[SourceDate "2008.11.26"]
[SourceVersion "1"]
[SourceVersionDate "2008.11.26"]
[SourceQuality "1"]
[WhiteTeam "Steinbach"]
[BlackTeam "Moerlenbach"]
[WhiteTeamCountry "GER"]
[BlackTeamCountry "GER"]

1. e4 c5 2. c4 Nc6 3. Nc3 g6 4. g3 Bg7 5. Bg2 Nf6 6. Nge2 d6 7. h3 0-0 8. 0-0 Rb8 9. f4 Nd4 10. d3 a6 11. Nxd4 cxd4 12. Nb1 b5 13. Nd2 Nd7 14. cxb5 axb5 15. Nf3 Nc5 16. Rf2 Qb6 17. b3 Bb7 18. Bb2 e5 19. Nh4 Qd8 20. Nf3 Bxe4 21. dxe4 Nxe4 22. Qe1 Nxf2 23. Qxf2 Rc8 24. Ne1 Re8 25. Bd5 Qd7 26. Kg2 Qf5 27. Bf3 h5 28. fxe5 dxe5 29. g4 hxg4 30. hxg4 Qg5 31. Be2 e4 32. Bd1 d3 33. Bxg7 Kxg7 34. Qd4+ Qe5 35. Qxe5+ Rxe5 36. Kf1 b4 37. Ng2 e3 38. Bf3 Rc2 0-1

[Event "Oberliga Ost-B 0607"]
[Site "Germany"]
[Date "2007.03.18"]
[Round "8.1"]
[White "Reschke, Stefan"]
[Black "Janoszka, Arnd"]
[Result "0-1"]
[WhiteElo "2379"]
[BlackElo "2315"]
[PlyCount "137"]
[EventDate "2006.10.15"]
[EventType "team-tourn"]
[EventRounds "11"]
[EventCountry "GER"]
[SourceTitle "EXT 2008"]
[Source "ChessBase"]
[SourceDate "2007.11.25"]
[SourceVersion "1"]
[SourceVersionDate "2007.11.25"]
[SourceQuality "1"]
[WhiteTeam "Offenbach"]
[BlackTeam "Steinbach"]
[WhiteTeamCountry "GER"]
[BlackTeamCountry "GER"]

1. d4 d5 2. c4 e6 3. Nc3 Nf6 4. Bg5 Nbd7 5. cxd5 exd5 6. e3 c6 7. Bd3 Be7 8. Qc2 0-0 9. Nge2 Re8 10. 0-0 Nf8 11. Rad1 g6 12. f3 Ne6 13. Bh4 a6 14. Kh1 Nh5 15. Bf2 f5 16. Qb3 Kh8 17. Bb1 Bh4 18. g3 Bf6 19. e4 fxe4 20. fxe4 Ng5 21. e5 Be7 22. Be3 Bh3 23. Rf2 Qd7 24. Nf4 Nxf4 25. gxf4 Ne6 26. Na4 Rab8 27. Nb6 Qc7 28. Rc1 Rbd8 29. Rf3 Bf5 30. Bxf5 gxf5 31. Na4 Rg8 32. Qc2 Rdf8 33. Nc3 Qd7 34. Rg1 Rxg1+ 35. Bxg1 Qe8 36. Ne2 Qh5 37. Qd3 Rg8 38. Rh3 Qg4 39. Qf3 Nxf4 40. Qxg4 fxg4 41. Re3 Nxe2 42. Rxe2 Rf8 43. Re3 Bh4 44. Kg2 Kg7 45. Rb3 Rf7 46. h3 h5 47. hxg4 hxg4 48. Bh2 Kg6 49. Bg3 Bg5 50. Rd3 Kf5 51. Rd1 Be3 52. Rf1+ Ke6 53. Rxf7 Kxf7 54. Bf2 Bxf2 55. Kxf2 c5 56. Kg3 cxd4 57. Kxg4 Ke6 58. Kf4 b5 59. a3 d3 60. Ke3 Kxe5 61. Kxd3 d4 62. b3 Kd5 63. a4 b4 64. a5 Ke5 65. Kd2 Ke4 66. Ke2 d3+ 67. Kd1 Kd5 68. Ke1 Kc5 69. Kd1 0-1

[Event "Oberliga Ost-B 0607"]
[Site "Germany"]
[Date "2007.01.07"]
[Round "9.1"]
[White "Janoszka, Arnd"]
[Black "Paehtz, Thomas Jr"]
[Result "1/2-1/2"]
[WhiteElo "2315"]
[BlackElo "2318"]
[PlyCount "81"]
[EventDate "2006.10.15"]
[EventType "team-tourn"]
[EventRounds "11"]
[EventCountry "GER"]
[SourceTitle "EXT 2008"]
[Source "ChessBase"]
[SourceDate "2007.11.25"]
[SourceVersion "1"]
[SourceVersionDate "2007.11.25"]
[SourceQuality "1"]
[WhiteTeam "Steinbach"]
[BlackTeam "Erfurt Empor"]
[WhiteTeamCountry "GER"]
[BlackTeamCountry "GER"]

1. c4 c5 2. g3 Nc6 3. Bg2 g6 4. Nc3 Bg7 5. Nf3 e5 6. 0-0 d6 7. Ne1 Be6 8. Nd5 Nge7 9. Nc2 Rb8 10. Nce3 0-0 11. a3 b5 12. d3 f5 13. b4 bxc4 14. Nxe7+ Nxe7 15. dxc4 e4 16. Rb1 cxb4 17. axb4 d5 18. cxd5 Nxd5 19. Nxd5 Qxd5 20. Be3 Rf7 21. f3 Qxd1 22. Rfxd1 Ba2 23. Rbc1 exf3 24. Bxf3 Bf8 25. Bc5 Be6 26. Ra1 Rc8 27. Ra5 Rfc7 28. Bxf8 Kxf8 29. Rd6 Bc4 30. g4 fxg4 31. Bxg4 Re8 32. Rc5 Ree7 33. Kf2 Bf7 34. Bf3 Rxc5 35. bxc5 Rc7 36. c6 Ke7 37. Rd4 Be8 38. Re4+ Kd8 39. Rd4+ Ke7 40. Re4+ Kd8 41. Rd4+ 1/2-1/2